000 00554nam a22001697a 4500
005 20251108171234.0
008 250721s1995 xx 000 0 ara d
082 1 4 _a025.347/خلي
100 1 _aخليفة، شعبان عبد العزيز
245 1 0 _aالفهرسة الوصفية للمكتبات المدرسية /
264 1 _aالقاهرة :
_bالمكتبة الأكاديمية،
_c1995.
300 _a787ص
650 1 7 _aالفهرسة الوصفية
700 1 _aالعابدي، محمد عوض
942 _2ddc
_cBK
999 _c60145
_d60145